000 00786nam a2200229Ii 4500
003 JO-AjNU
008 230605s9999||||xx |||||||||||||| ||und||
017 _a2012/7/2510
020 _a978-9957-70-607-4
040 _aJO-AjNU
_bara
_erda
_cJO-AjNU
041 _aara
050 1 4 _aPJ6121 2013
100 3 _aبسناسي، سعاد,
_eauthor
_943313
245 0 0 _aالسمعيات العربية في الاصوات اللغوية
250 _aط1
264 3 1 _aاربد: عالم الكتب الحديث للنشر والتوزيع، 2013
300 _a135ص
336 _atext
_btxt
_2rdacontent
337 _aunmediated
_bn
_2rdamedia
338 _avolume
_bnc
_2rdacarrier
650 4 _aاللغة العربية-الصوتيات-السمعيات العربية-نطق
_943314
999 _aA18612
_c22180
_d22180